000 00553nam a22001817a 4500
003 NUST - PNEC
005 20170116180747.0
008 150218b xxu||||| |||| 00| 0 eng d
020 _a9698837019
040 _cLIBRARY
082 _a320.917 WAT
100 _91375
_aWatson, J. Forbes
245 _aPillars of empire : Karachi under the raj 1843-1947
_cJ. Forbes Watson
260 _aKarachi :
_bPakistan Herald Publications Pvt., Ltd.
_cc2004.
300 _a159 p. :
_bill.:
_c25 cm.
650 _91376
_aHistory of Karachi
_xGeneral
942 _2ddc
_cBK
999 _c62407
_d62407